| 000 | 00734nam a2200205 a 4500 | ||
|---|---|---|---|
| 005 | 20210223124313.0 | ||
| 008 | 010731s2000 mx r 000 0 spa d | ||
| 020 | _a9701329821 | ||
| 035 | _aUPN01000110287 | ||
| 049 | _aC | ||
| 050 | 4 |
_aHA767 B6 _bE8 2000 |
|
| 110 | 2 | _aInstituto Nacional de Estadística, Geografía e Informática (México) | |
| 245 | 1 | 0 |
_aEstadísticas vitales : _bcuaderno número 2 : Baja California / _cInstituto Nacional de Estadística, Geografía e Informática. |
| 260 |
_aMéxico : _bINEGI, _cc2000. |
||
| 300 | _aix, 121 p. | ||
| 651 | 4 |
_aBAJA CALIFORNIA - _xPOBLACION - _vESTADISTICA _97460 |
|
| 651 | 4 |
_aBAJA CALIFORNIA - _vCENSOS _97449 |
|
| 651 | 4 |
_aBAJA CALIFORNIA - _vANUARIOS _97447 |
|
| 905 | _aLibro | ||
| 999 |
_c84196 _d84196 |
||